Artists / Singers Chain #6 - Statistics

General Stats
  • This quiz has been taken 61 times
  • The average score is 13 of 38
Answer Stats
Answer Hint % Correct
Kanye West Gold Digger
93%
Kanye West Champions
93%
Queen There Must Be More to Life Than This
86%
Queen Under Pressure
86%
Bruno Mars Billionaire
68%
Bruno Mars Finesse
68%
David Bowie Under Pressure
66%
David Bowie Peace on Earth/Little Drummer Boy
66%
Jamie Foxx Gold Digger
54%
Cardi B Finesse
41%
Cardi B No Limit
41%
Michael Jackson Scream
32%
Michael Jackson There Must Be More to Life Than This
32%
Janet Jackson The Best Things in Life Are Free
30%
Janet Jackson Scream
30%
Travis Scott Champions
30%
Travis Scott The Scotts
30%
Kid Cudi The Scotts
25%
Kid Cudi Memories
25%
Travie McCoy Wrapped Up
20%
Travie McCoy Billionaire
20%
Luther Vandross Endless Love
18%
Luther Vandross The Best Things in Life Are Free
18%
ASAP Rocky No Limit
16%
ASAP Rocky Everyday
16%
Bing Crosby Peace on Earth/Little Drummer Boy
16%
Bing Crosby True Love
16%
David Guetta Memories
16%
David Guetta No Promises
16%
Demi Lovato Up
16%
Demi Lovato Wrapped Up
16%
Mariah Carey #Beautiful
16%
Mariah Carey Endless Love
16%
Miguel Everyday
13%
Miguel #Beautiful
13%
Grace Kelly True Love
11%
Cheat Codes No Promises
9%
Cheat Codes Up
9%
No matching quizzes found
Score Distribution
Percent of People with Each Score
Percentile by Number Answered
Your Score History
You have not taken this quiz